000 00390nam a2200169Ia 4500
008 170705s9999 xx 000 0 und d
020 _a9780439597746
245 _aGross body facts /
245 _cMary Kay Carson.
260 _aNew York :
260 _bScholastic,
260 _c2003
300 _a40 pages :
300 _bcolor illustration ;
300 _c19cm.
500 _a410
999 _c335845
_d335845